000 01641nam0a2200373 4500
001 RU\NLR\BIBL_A\022361945
005 20260420020319.0
010 _a978-5-16-102693-9
_bonline
010 _a978-5-16-017451-8
_bprint
_9500
021 _aRU
_bКН-П-24-052926
_9КН-П-24-5266
035 _a(NLR Aleph) 022361945
090 _a13668227
_c13668227
100 _a20241023d2025 u y0rusy50 ca
101 0 _arus
_aeng
_eeng
102 _aRU
105 _aa j 000zy
181 0 _ai3
_baxxe
182 0 _an
200 1 _aФилологический анализ текстов на английском языке
_eучебное пособие
_fЕ. М. Бутенина
203 _aТекст
_bвизуальный
_cнепосредственный
210 _aМосква
_cИНФРА-М
_d2025 (печ. 2024)
215 _a205 с.
_cтабл.
_d22
225 1 _aВысшее образование
300 _aНа 4-й с. обл. авт.: Бутенина Е. М., д-р филол. наук, проф., переводчик
300 _aТекст англ., рус.
320 _aБиблиогр.: с. 205 (15 назв.) и в подстроч. примеч.
320 _aДр. кн. авт. на 4-й с. обл.
606 1 _aАнглийский язык
_jУчебные издания для высших учебных заведений
_xТекст
_9977380
_3RU\NLR\AUTH\6648723
686 1 _aШ143.21-93рус3-7
700 1 _aБутенина
_bЕ. М.
_gЕвгения Михайловна
942 _cBOOK
980 _aNB